Hero Logos Quiz Stats

 Plays Quiz Updated Sep 26, 2015

Challenge
Share
Tweet
Score 0/24 Timer 05:00
31 Plays Today
% Correct
Superman
99.6%
Batman
99.5%
Ghostbusters
94%
Spider-Man
91.7%
The Incredibles
88.4%
Captain America
84.9%
Fantastic Four
84.5%
Autobots
82.9%
The Flash
80.7%
Wonder Woman
77.5%
Green Lantern
76.4%
X-Men
73.3%
% Correct
Daredevil
67.7%
Punisher
56.2%
Watchmen
46.5%
Avengers
46.5%
Thundercats
42.7%
Robin
37.9%
The Tick
22.8%
Spawn
19.9%
Hawkman
16.9%
Captain Marvel
14%
Hellboy
13.7%
Greatest American Hero
6%

You're not logged in!

Compare scores with friends on all Sporcle quizzes.
OR
Log In

You Might Also Like...

Show Comments

Extras

Top Quizzes Today


Score Distribution

Your Account Isn't Verified!

In order to create a playlist on Sporcle, you need to verify the email address you used during registration. Go to your Sporcle Settings to finish the process.

Report this User

Report this user for behavior that violates our Community Guidelines.

Details: